Kluby w 1 i 2 lidze w których grają tylko Polacy - Statystyki

Ogólne statystyki
  • Ten quiz został rozwiązany 5 razy
  • Średni wynik to 4 z 7
Statystyki odpowiedzi
Liga Drużyna % Poprawnych
Betclic 1 liga Pogoń Siedlce
80%
Betclic 2 liga Rekord Bielsko-Biała
60%
Betclic 2 liga Sokół Kleczew
60%
Betclic 2 liga Unia Skierniewice
60%
Betclic 2 liga GKS Jastrzębie
40%
Betclic 2 liga ŁKS II Łódź
40%
Betclic 2 liga KKS Kalisz
20%
Nie znaleziono quizów pasujących do podanych kryteriów
Rozkład punktacji
Procent ludzi z każdym wynikiem
Percentyl według liczby udzielonych odpowiedzi
Twoja historia wyników
Nie rozwiązałeś tego quizu